Statistics for Most Expensive Places in the World

Click here to take the quiz!

General Stats

  • This quiz has been taken 923 times
  • The average score is 7 of 10

Answer Stats

RankGDP PLIAnswer% Correct
2206.4Norway
87%
6175.1Sweden
86%
5185.0Denmark
80%
8162.6Finland
80%
7173.6Japan
79%
1209.6Switzerland
79%
4201.0Australia
70%
10161.9Canada
68%
9162.4Luxembourg
63%
3201.6Bermuda
7%

Score Distribution

Percentile by Number Answered

Percent of People with Each Score

Your Score History

You have not taken this quiz